Diode laser arrays. (Record no. 7329)

MARC details
000 -LEADER
fixed length control field 01201cam a2200313 a 4500
001 - CONTROL NUMBER
control field 636462
003 - CONTROL NUMBER IDENTIFIER
control field OSt
005 - DATE AND TIME OF LATEST TRANSACTION
control field 20211005111342.0
008 - FIXED-LENGTH DATA ELEMENTS--GENERAL INFORMATION
fixed length control field 931015s1994 enka b 001 0 eng
010 ## - LIBRARY OF CONGRESS CONTROL NUMBER
LC control number 93041258
020 ## - INTERNATIONAL STANDARD BOOK NUMBER
International Standard Book Number 0521419751 (hardback)
040 ## - CATALOGING SOURCE
Original cataloging agency DLC
Transcribing agency DDC
Modifying agency DLC
050 00 - LIBRARY OF CONGRESS CALL NUMBER
Classification number TA1700
Item number .D56 1994
082 00 - DEWEY DECIMAL CLASSIFICATION NUMBER
Classification number 621.366DIO 1994
100 ## - MAIN ENTRY--PERSONAL NAME
Personal name Botez,Dan; Scifres,Don R.;
9 (RLIN) 15018
245 00 - TITLE STATEMENT
Title Diode laser arrays.
Statement of responsibility, etc. Edited by Botez,Dan and Scifres,Don R.;
260 ## - PUBLICATION, DISTRIBUTION, ETC. (IMPRINT)
Place of publication, distribution, etc. New York.
Name of publisher, distributor, etc. Cambridge University Press.
Date of publication, distribution, etc. 1994.
300 ## - PHYSICAL DESCRIPTION
Extent xv,448p;
Other physical details ill;
Dimensions 24cm.
440 #0 - SERIES STATEMENT/ADDED ENTRY--TITLE
Title Cambridge studies in modern optics ;
Volume/sequential designation 14
9 (RLIN) 15019
504 ## - BIBLIOGRAPHY, ETC. NOTE
Bibliography, etc Includes; bibliographical references and index.
650 #0 - SUBJECT ADDED ENTRY--TOPICAL TERM
Topical term or geographic name as entry element Engineering
9 (RLIN) 373
700 1# - ADDED ENTRY--PERSONAL NAME
Personal name Botez, Dan.
9 (RLIN) 15020
700 1# - ADDED ENTRY--PERSONAL NAME
Personal name Scifres, Don R.
9 (RLIN) 15021
856 42 - ELECTRONIC LOCATION AND ACCESS
Materials specified Publisher description
Uniform Resource Identifier <a href="http://www.loc.gov/catdir/description/cam026/93041258.html">http://www.loc.gov/catdir/description/cam026/93041258.html</a>
856 41 - ELECTRONIC LOCATION AND ACCESS
Materials specified Table of contents
Uniform Resource Identifier <a href="http://www.loc.gov/catdir/toc/cam022/93041258.html">http://www.loc.gov/catdir/toc/cam022/93041258.html</a>
906 ## - LOCAL DATA ELEMENT F, LDF (RLIN)
a 7
b cbc
c orignew
d 1
e ocip
f 19
g y-gencatlg
942 ## - ADDED ENTRY ELEMENTS (KOHA)
Source of classification or shelving scheme Dewey Decimal Classification
Koha item type Open Shelf
Holdings
Withdrawn status Lost status Source of classification or shelving scheme Damaged status Not for loan Home library Current library Date acquired Source of acquisition Inventory number Total Checkouts Full call number Barcode Date last seen Price effective from Koha item type
    Dewey Decimal Classification     MUST Main Library MUST Main Library 05/10/2021 Purchase 05/24591   621.366DIO 1994 2021-1399 05/10/2021 05/10/2021 Open Shelf
    Dewey Decimal Classification     MUST Main Library MUST Main Library 05/10/2021 Purchase 05/24592   621.366DIO 1994 2021-1400 05/10/2021 05/10/2021 Open Shelf
    Dewey Decimal Classification     MUST Main Library MUST Main Library 05/10/2021 Purchase 04/22604   621.381522DIO 1994 2021-1401 05/10/2021 05/10/2021 Open Shelf
    Dewey Decimal Classification     MUST Main Library MUST Main Library 05/10/2021 Purchase 04/22606   612.381522DIO 1994 2021-1402 05/10/2021 05/10/2021 Open Shelf